Gender Speak: Personal Effectiveness in Gender Communication. (Record no. 1974)
[ view plain ]
| 005 - DATE AND TIME OF LATEST TRANSACTION | |
|---|---|
| control field | 20250506081740.0 |
| 020 ## - INTERNATIONAL STANDARD BOOK NUMBER | |
| International Standard Book Number | 978-0-07-248393-2 |
| 082 ## - DEWEY DECIMAL CLASSIFICATION NUMBER | |
| Classification number | LECT 302.2 IVY |
| 100 ## - MAIN ENTRY--PERSONAL NAME | |
| Author name | INY, D. K. |
| 245 ## - TITLE STATEMENT | |
| Title | Gender Speak: Personal Effectiveness in Gender Communication. |
| 250 ## - EDITION STATEMENT | |
| Edition statement | 3rd Ed |
| 260 ## - PUBLICATION, DISTRIBUTION, ETC. | |
| Place of publication, distribution, etc. | London, |
| Name of publisher, distributor, etc. | McGraw-Hill, |
| Date of publication, distribution, etc. | 2004. |
| 300 ## - PHYSICAL DESCRIPTION | |
| Extent | xvii, 437p.: ill.; figurea, pictures, tables. |
| Other physical details | index, References, |
| Dimensions | 23cm, |
| 700 ## - ADDED ENTRY--PERSONAL NAME | |
| Other authors/Editors | BACKLUND, P. |
| 856 ## - ELECTRONIC LOCATION AND ACCESS | |
| Link text | Online Access Book, |
| Electronic name | Gender Speak: Personal Effectiveness in Gender Communication. |
| Path | www.mhhe.com |
| 942 ## - ADDED ENTRY ELEMENTS (KOHA) | |
| Source of classification or shelving scheme | Dewey Decimal Classification |
| Koha item type | Books |
| Date last seen | Total checkouts | Full call number | Barcode | Cost, replacement price | Price effective from | Koha item type | Lost status | Source of classification or shelving scheme | Damaged status | Not for loan | Withdrawn status | Home library | Current library | Shelving location | Date acquired | Cost, normal purchase price |
|---|---|---|---|---|---|---|---|---|---|---|---|---|---|---|---|---|
| 05/06/2025 | LECT 302.2 IVY | 0000007578 | 120000.00 | 05/06/2025 | Books | Dewey Decimal Classification | College of Business Education Main Library | College of Business Education Main Library | General Collection | 05/26/2011 | 30000.00 | |||||
| 05/06/2025 | LECT 302.2 IVY | 0000007579 | 120000.00 | 05/06/2025 | Books | Dewey Decimal Classification | College of Business Education Main Library | College of Business Education Main Library | General Collection | 05/26/2011 | 30000.00 | |||||
| 05/06/2025 | LECT 302.2 IVY | 0000007580 | 120000.00 | 05/06/2025 | Books | Dewey Decimal Classification | College of Business Education Main Library | College of Business Education Main Library | General Collection | 05/26/2011 | 30000.00 | |||||
| 05/06/2025 | LECT 302.2 IVY | 0000007581 | 120000.00 | 05/06/2025 | Books | Dewey Decimal Classification | College of Business Education Main Library | College of Business Education Main Library | General Collection | 05/26/2011 | 30000.00 | |||||
| 05/06/2025 | LECT 302.2 IVY | 0000007582 | 120000.00 | 05/06/2025 | Books | Dewey Decimal Classification | College of Business Education Main Library | College of Business Education Main Library | General Collection | 05/26/2011 | 30000.00 |
